Cooperación interinstitucional para consolidacion del proceso de implementacion de las HMP en el paisaje rural ganadero de la cuenca media del río Chambery (Registro nro. 7793)
[ vista simple ]
| 000 -CABECERA | |
|---|---|
| Campo de control | 01082nam a22002417a 4500 |
| 005 - FECHA Y HORA DE LA ULTIMA TRANSACCION | |
| Campo de control | 20150202120756.0 |
| 008 - ELEMENTOS DE LONGITUD FIJA—INFORMACION GENERAL | |
| Campo de control | 131113b2006 ck ||||| |||| 00| 0 spa d |
| 040 ## - FUENTE DE CATALOGACIÓN | |
| Agencia catalogadora original | CO-BoIAVH |
| Agencia transcriptora | CO-BoIAVH |
| 041 ## - IDIOMA | |
| Código de idioma para texto/pista de sonido o título separado | Español |
| 044 ## - PAÍS DE PUBLICACIÓN | |
| País de publicación | Colombia |
| 090 ## - CLASIFICACIÓN LOCAL | |
| Colección | IAVH |
| Consecutivo | 01487 |
| 245 ## - MENCION DE TITULO | |
| Título | Cooperación interinstitucional para consolidacion del proceso de implementacion de las HMP en el paisaje rural ganadero de la cuenca media del río Chambery |
| 260 ## - PUBLICACION, DISTRIBUCION, ETC. (PIE DE IMPRENTA) | |
| Lugar de publicación, distribución, etc. | Cali |
| Nombre del editor, distribuidor, etc. | Instituto de Investigación de Recursos Biológicos Alexander von Humboldt |
| Fecha de publicación, distribución, etc. | 2006 |
| 300 ## - DESCRIPCION FISICA | |
| Extensión | 218 p. |
| Otros detalles físicos | graficos |
| Dimensiones | 27 cm |
| 500 ## - NOTA GENERAL | |
| Nota general | Informe tecnico |
| 520 ## - NOTA DE RESUMEN, ETC. | |
| Nota de resumen | Generar un proceso de apropiación hacia el proyecto por actores locales y regionales,teniendo en cuenta el amplio interés mostrado por la alcaldía municipal de Aranzazu. Readecuacion del vivero municipal para la implementacion de nuevas herramientas manejo de paisaje.<br/> |
| 650 ## - ASIENTO SECUNDARIO DE MATERIA - TERMINO TEMATICO | |
| Término temático o nombre geográfico como elemento de entrada | Vivero |
| 650 ## - ASIENTO SECUNDARIO DE MATERIA - TERMINO TEMATICO | |
| Término temático o nombre geográfico como elemento de entrada | Semilla |
| 650 ## - ASIENTO SECUNDARIO DE MATERIA - TERMINO TEMATICO | |
| Término temático o nombre geográfico como elemento de entrada | Paisaje |
| 650 ## - ASIENTO SECUNDARIO DE MATERIA - TERMINO TEMATICO | |
| Término temático o nombre geográfico como elemento de entrada | Rural |
| 650 ## - ASIENTO SECUNDARIO DE MATERIA - TERMINO TEMATICO | |
| Término temático o nombre geográfico como elemento de entrada | Gandero |
| Subdivisión geográfica | Cuenca media río Chambery |
| 942 ## - ELEMENTOS ADICIONALES (KOHA) | |
| Sistema de clasificación | Local |
| Tipo de ítem | Informe Técnico |
| Withdrawn status | Lost status | Sistema de Clasificación | Damaged status | No para préstamo | Colección | Inventariado | Ubicación Permanente | Ubicación actual | Fecha de adquisición | Total Checkouts | Número topográfico | Inventario / Código de Barras | Date last seen | Ejemplar | Price effective from | Forma de adquisición | Tipo de material |
|---|---|---|---|---|---|---|---|---|---|---|---|---|---|---|---|---|---|
| Local | Humboldt | Inventariado 2017 | Bogotá | Bogotá | 13/11/2013 | IAHV-01487 | 059273 | 09/08/2024 | Ej:1 | 13/11/2013 | Informe Técnico |